| 000 | 00340nam a2200133Ia 4500 | ||
|---|---|---|---|
| 008 | 191201s2007 xx 000 0 und d | ||
| 082 |
_a658.007 _bKOR |
||
| 100 | _aKOTHARI, C R | ||
| 245 | 0 | _aResearch Methodology: Methods & Techniques | |
| 260 |
_aN.Delhi _bNew Age International _c2007 |
||
| 300 | _a401 | ||
| 650 | _aMBA | ||
| 942 |
_2ddc _cBK |
||
| 999 |
_c3341 _d3341 |
||